İLK BÖCEKLER KİTABIM (Record no. 1037522)

MARC details
000 -LEADER
sabit uzunluktaki kontrol alanı 00253nam a2200097Ia 4500
001 - KONTROL NUMARASI
kontrol alanı 1037522
005 - EN SON İŞLEMİN TARİH VE ZAMANI
kontrol alanı 20250826231826.0
008 - SABİT-UZUNLUKTA VERİ ÖĞELERİ--GENEL BİLGİ
sabit uzunluktaki kontrol alanı 250824s9999 xx 000 0 und d
245 #0 - ESER / YAZAR
ESER ADI İLK BÖCEKLER KİTABIM
Yazar Adı CATHERINE D. HUGNES
260 ## - YAYIN, DAĞITIM, VB.
YAYIN EVİ BETA YAYINLARI
Holdings
Düşüm durumu Kayıp durumu Hasar Durumu Ödünç verilmez Ana kütüphane Geçerli Kütüphane Edinilen tarih Toplam ödünç verme sayısı Barkod Son görüntüleme tarihi Fiyatın geçerli olmaya başladığı tarih Koha materyal türü
        YUKARI PINARBAŞI İLK VE ORTAOKULU YUKARI PINARBAŞI İLK VE ORTAOKULU 24.08.2025   10694478 26.08.2025 26.08.2025 Books